000 01389cam a2200301 i 4500
003 SA-RiAUC
005 20251222124458.0
008 251127s1981 su f l f000r0 ara c
020 _a4319103
040 _aSA-JeALM
_bara
_cSA-RiAUC
_dSA-RiKSU
_erda
043 _aa-su---
082 0 4 _a342.531064
_qSA-RiAUC
090 _a342.531064
_bس ع و
110 1 _aالسعودية
_eمؤلف.
240 1 0 _aنظام الوزراء ونواب الوزراء وموظفي المرتبة الممتازة (1391 هـ.)
245 1 0 _aنظام الوزراء ونواب الوزراء وموظفي المرتبة الممتازة /
_cوزارة المالية والاقتصاد الوطني.
264 1 _aالرياض :
_bمطابع الحكومة الأمنية،
_c1972
300 _aغير مرقم ؛
_c24 × 17 سم
336 _aنص
_btxt
_2rdacontent
_3كتاب
337 _aبدون وسيط
_bn
_2rdamedia
338 _aمجلد
_bnc
_2rdacarrier
650 7 _aالمطبوعات الحكومية
_2aucsh
650 7 _aالوزراء
_xوضع قانوني، قوانين، إلخ.
_xمطبوعات حكومية
_zالسعودية
_2aucsh
651 7 _aالسعودية
_xمطبوعات حكومية
_2aucsh
710 1 _aالسعودية.
_bوزارة المالية والاقتصاد الوطني
_eمؤلف.
942 _2ddc
_cBOOK
_n0
949 _aSA-JeALM
_d251127
_umohamedma123
_n1
999 _c13631
_d13631